[Event "23rd ETCC Open 2021"]
[Site "Catez"]
[Date "2021.11.16"]
[Round "5.40"]
[White "Martinovic, Sasa"]
[Black "Kelires, Andreas"]
[Result "1/2-1/2"]
[WhiteElo "2542"]
[BlackElo "2535"]
[Annotator "TA"]
[PlyCount "154"]
[EventDate "2021.11.08"]
[EventType "team-tourn"]
[EventCountry "SLO"]
[SourceTitle "playchess.com"]
[Source "ChessBase"]
[SourceQuality "1"]
[WhiteTeam "Croatia"]
[BlackTeam "Greece"]
[WhiteTeamCountry "CRO"]
[BlackTeamCountry "GRE"]

{[%evp 9,154,27,36,40,45,45,41,31,34,33,43,7,41,38,41,52,49,30,32,33,57,62,58,
30,38,37,54,55,34,27,29,32,26,15,11,0,0,-2,-4,-55,-60,-37,-21,-98,-100,-156,
-156,-156,-153,-152,-159,-159,-152,-192,-165,-205,-166,-185,-177,-256,-196,
-245,-224,-243,-128,-211,-170,-273,-241,-245,-248,-277,-256,-247,-166,-147,0,
-304,-271,-318,-317,-274,-266,-191,-234,-225,-210,-177,-200,-463,-402,-589,
-549,-498,-445,-680,-656,-604,-77,-85,-59,-580,-580,-580,-580,-580,-580,-580,
-568,-564,-553,-29954,-29959,-29958,-29957,-29956,-29954,-29948,-1301,-29985,
-29986,-29987,-29982,-29982,0,0,0,0,0,0,0,0,0,0,0,0,0,0,0,0,0,0,0,0,0,0,0]} 1.
Nf3 d5 2. g3 Nd7 3. d4 Nb6 4. Nbd2 Nf6 5. Bg2 Bf5 6. Nh4 {D02: 1 d4 d5 2 Nf3
sidelines, including 2...Nf6 3 g3 and 2...Nf6 3 Bf4.} e6 7. Nxf5 exf5 {[#]} 8.
O-O $146 {White is slightly better.} ({Predecessor:} 8. c4 c6 9. cxd5 cxd5 10.
Qb3 Ne4 11. a4 Qd7 12. a5 Nxd2 13. Bxd2 Nc4 14. Bc1 {1/2-1/2 (46) Nenezic,M 
(2532)-Kacharava,N (2443) Tornelo INT 2021}) 8... Be7 9. c4 c6 10. cxd5 cxd5
11. Nb3 Ne4 12. Nc5 Rb8 13. Be3 O-O 14. Rc1 Bg5 15. Bxg5 Qxg5 16. a4 Qe7 17.
Qd3 Rbc8 18. b3 Rc7 19. a5 Nc8 20. Nxe4 dxe4 21. Qb5 Nd6 22. Rxc7 Qxc7 23. Qc5
Rc8 24. Qb4 (24. Rd1 $11) 24... g6 $15 25. e3 Ne8 26. d5 (26. Rd1 $11) 26...
Nd6 $17 27. Rd1 (27. Qa4 $142) 27... Qc5 28. Qd2 Qc3 29. Bf1 Qxd2 30. Rxd2 {
[%mdl 4096] Endgame KRB-KRN} Kg7 31. Rd4 Kf6 32. Kg2 Ke5 33. b4 Rc2 34. h3 (34.
b5 {keeps fighting.}) 34... h6 35. Rd1 g5 36. h4 Rb2 ({Better is} 36... f4 $19
{And now ...fxe3 would win.} 37. exf4+ gxf4 38. gxf4+ Kxf4) 37. b5 (37. a6 $17)
37... Rc2 (37... Nxb5 $2 38. Bxb5 Kd6 39. Bc4 $18) 38. a6 (38. Rb1 {was
necessary.}) 38... b6 $1 $19 39. hxg5 hxg5 40. Kg1 Rc5 41. Kg2 Nc8 ({Don't take
} 41... Rxd5 42. Rc1 $17) (41... Nxb5 $2 42. Bxb5 Rxd5 43. Rxd5+ Kxd5 44. Bd7
$18) 42. Be2 Nd6 (42... Rc2 $17 43. Kf1 Nd6) 43. Rh1 $2 {[%mdl 8192]} (43. Bf1
$1 $11) 43... Nxb5 ({Weaker is} 43... Rxd5 44. Rc1 $17) 44. Bxb5 Rxb5 {KR-KR}
45. Rh7 Ra5 ({Stronger than} 45... Rxd5 46. Rxf7 Ra5 47. Rxa7 $11) 46. Rxf7
Rxa6 47. d6 {White threatens d7 and mate.} Ra5 48. d7 Rd5 49. Re7+ $2 (49. g4 {
was the only defense.} fxg4 50. Re7+ Kf5 51. d8=B Rxd8 52. Rxa7) 49... Kf6 50.
d8=Q (50. Re8 $142 Rxd7 51. Rf8+ Rf7 52. Rb8) 50... Rxd8 51. Rxa7 Rb8 52. Ra4 (
52. Ra6 $142 Ke5 53. Kf1) 52... b5 53. Rb4 Ke5 $2 (53... g4 $1 $19 {has better
winning chances.} 54. Kf1 Ke5) 54. g4 $17 f4 {...fxe3 is the strong threat.}
55. exf4+ {[%mdl 8192]} (55. Kf1 $1 $15) 55... gxf4 $19 56. f3 e3 57. Kf1 {
intending Ke2.} Kd5 58. Ke2 {[#]} Kc5 $1 {[%cal Rc5b4]} 59. Rxf4 b4 60. Rf7 b3
61. Rc7+ Kd4 62. Rc1 b2 63. Rb1 Rb3 (63... Rb5 $142 64. f4 Rb7 65. g5 Ke4 66.
g6 Kxf4 67. Rf1+ Ke4 68. Rb1 Kd4 69. Rd1+ Kc3 70. Kxe3 Rg7 71. Rg1 Rg8 72. Kf4
{[#]} Rxg6 $3 {[%mdl 576] Deflection, Promotion} 73. Rxg6 b1=Q 74. Rf6 Kd4 75.
Rd6+ Kc5 76. Rd2 Qe1 77. Rd3 Qh4+ 78. Ke5 Qg5+ 79. Ke4 Qg4+ 80. Ke3 Kc4 81. Rd2
Qh3+ 82. Ke4 Qh1+ 83. Ke3 Qe1+ 84. Re2 Qg3+ 85. Kd2 Qf4+ 86. Kc2 Qd4 87. Rd2
Qe4+ 88. Kb2 Kb4 89. Rc2 Qe1 90. Rc8 Qe5+ 91. Kc1 Kb3 92. Kd2 Qd5+ 93. Ke3 Qe6+
94. Kf3 Qxc8 95. Kf4 Qe6 96. Kf3 Qf5+ 97. Kg3 Kc3 98. Kh2 Kd3 99. Kg3 Ke3 100.
Kh4 Qg6 101. Kh3 Kf3 102. Kh4 Qh6#) 64. f4 Ke4 65. f5 Rb8 66. f6 Rh8 $2 (66...
Rb7 {mates} 67. Kf1 Kf3 68. f7 Rxf7 69. Rxb2 Rd7 70. Ke1 Rh7 71. Kd1 Rh1+ 72.
Kc2 e2 73. Rb3+ Kf2 74. Kd3 e1=Q 75. Kd4 Qd2+ 76. Rd3 Qb4+ 77. Ke5 Rh6 78. Rd4
Qc5+ 79. Ke4 Re6+ 80. Kd3 Re3+ 81. Kd2 Re2+ 82. Kd3 Qc2#) 67. f7 $11 {The
position is equal.} Rh2+ 68. Kf1 $1 Rh1+ 69. Kg2 $1 {[%cal Rg2h1]} Rxb1 70.
f8=Q {White wants to mate with Qf5+.} Rg1+ {[%mdl 64] Decoy} 71. Kxg1 {
Intending Qb4+ and mate.} b1=Q+ {KQ-KQ} 72. Qf1 Qb8 {White must now prevent ...
Qg3+.} (72... Qa2 {seems wilder.} 73. Qf5+ Kd4 74. g5 Qd2 75. Qf4+ Kc3) 73.
Qf5+ Kd4 74. Kf1 Qg3 75. Qd7+ Ke4 {[%csl Ge3][%cal Rg3f2]} 76. Qf5+ Kd4 77.
Qd7+ Ke4 {[%csl Ge3][%cal Rg3f2] White happily takes the draw.  Weighted Error
Value: White=0.59/Black=0.27} 1/2-1/2

[Event "23rd ETCC Open 2021"]
[Site "Catez"]
[Date "2021.11.16"]
[Round "5.41"]
[White "Yilmaz, Mustafa"]
[Black "Andersen, Mads"]
[Result "1/2-1/2"]
[WhiteElo "2626"]
[BlackElo "2575"]
[Annotator "TA"]
[PlyCount "52"]
[EventDate "2021.11.08"]
[EventType "team-tourn"]
[EventCountry "SLO"]
[SourceTitle "playchess.com"]
[Source "ChessBase"]
[SourceQuality "1"]
[WhiteTeam "Turkey"]
[BlackTeam "Denmark"]
[WhiteTeamCountry "TUR"]
[BlackTeamCountry "DEN"]

{[%evp 9,52,49,36,56,108,3,14,-6,24,31,32,24,35,35,29,26,23,16,29,18,25,4,5,7,
6,6,6,7,5,4,10,5,3,3,3,2,10,0,0,0,7,0,0,0,0]} 1. d4 d5 2. c4 dxc4 3. e4 b5 4.
a4 c6 5. axb5 cxb5 6. Nc3 {D20: Queen's Gambit Accepted: 3 e3 and 3 e4.} Qb6 ({
Black should play} 6... a6 $14) 7. Be3 (7. b3 $16) 7... e6 $11 {[#]} 8. d5 $146
({Predecessor:} 8. Qh5 a6 9. Nxb5 Bb7 10. Bxc4 Nf6 11. Qe5 axb5 12. Rxa8 Bxa8
13. d5 {0-1 (27) Azzola,O (1305)-Bottoni,C (1046) IECC email 2002}) 8... Bc5 9.
Bxc5 Qxc5 10. Nf3 {[#] Black must now prevent Qd4.} a6 11. dxe6 Ra7 12. Qd4
Qxd4 13. Nxd4 Rc7 14. Nd5 Rb7 15. exf7+ Kxf7 {The position is equal.} 16. b3
cxb3 17. Nxb3 {With the idea Nc5.} Be6 18. Nc5 Bxd5 19. Nxb7 Bxb7 {[#]} 20.
Bxb5 $1 {aiming for Bc4+.} Bxe4 21. Bc4+ Kg6 22. f3 Bc6 23. Bd3+ Kf7 24. Bc4+
Kg6 25. Bd3+ Kf7 26. Bc4+ Kg6 {Weighted Error Value: White=0.12/Black=0.05}
1/2-1/2

[Event "23rd ETCC Open 2021"]
[Site "Catez"]
[Date "2021.11.16"]
[Round "5.42"]
[White "Thybo, Jesper Sondergaard"]
[Black "Can, Emre"]
[Result "1/2-1/2"]
[WhiteElo "2604"]
[BlackElo "2570"]
[Annotator "TA"]
[PlyCount "131"]
[EventDate "2021.11.08"]
[EventType "team-tourn"]
[EventCountry "SLO"]
[SourceTitle "playchess.com"]
[Source "ChessBase"]
[SourceQuality "1"]
[WhiteTeam "Denmark"]
[BlackTeam "Turkey"]
[WhiteTeamCountry "DEN"]
[BlackTeamCountry "TUR"]

{[%evp 13,131,19,33,33,30,22,28,26,32,18,33,19,20,18,23,18,17,10,57,4,17,0,0,0,
0,-11,0,-18,-14,-16,-14,-81,0,0,0,0,0,0,0,-12,8,8,8,8,10,-33,-4,-7,0,-9,0,-1,0,
0,0,0,41,29,40,25,156,0,0,0,0,0,0,0,0,0,0,0,0,0,0,0,0,0,0,0,0,0,0,0,0,0,0,0,0,
0,0,0,0,0,0,0,0,0,0,0,0,0,0,0,0,0,0,0,0,0,0,0,0,0,0,0,0,0,0,0]} 1. d4 d5 2. c4
e6 3. Nf3 Nf6 4. g3 dxc4 5. Bg2 c5 6. O-O Nc6 7. dxc5 $1 {[%mdl 4] is more
profitable than 7.Qa4 at the moment.} Bxc5 8. Qxd8+ {E04: Open Catalan: 5 Nf3.}
Kxd8 9. Nbd2 Ke7 10. Nxc4 {White has an edge.} Bd7 11. b3 Rac8 12. Bb2 Rhd8 13.
Rfd1 Be8 {[#]} 14. Rxd8 $146 ({Predecessor:} 14. e3 Rxd1+ 15. Rxd1 b5 16. Nce5
Nxe5 17. Nxe5 Bd6 18. Rd2 a5 19. Nd3 Bc6 20. Rc2 {1/2-1/2 (58) Chan,K (2245)
-Piesik,P (2417) Stockholm 2019}) 14... Rxd8 15. Rc1 b6 (15... Ne4 {seems
wilder.} 16. e3 Nb4 17. Nd4 f5 18. Bxe4 fxe4 19. Ba3 Nd3) 16. a3 (16. Ne1 $14)
16... Bd4 17. b4 Bxb2 18. Nxb2 Nd5 19. Nd3 Kf8 20. b5 Nce7 21. a4 $1 Rc8 22.
Ra1 {[#]} (22. Rxc8 $11 {remains equal.} Nxc8 23. Kf1) 22... f6 ({Black should
play} 22... Nc3 $1 $17 23. Kf1 Rc4) 23. Bh3 $11 Bd7 24. e4 Nc3 25. Nf4 Kf7 26.
Nd4 f5 27. exf5 exf5 28. Nf3 {Threatening Ne5+.} Kf6 29. Re1 {[#] And now Nh5+
would win.} Ng6 {Strongly threatening ...Nxf4.} 30. Nh5+ Kf7 31. Bf1 h6 32. Nd4
Nf8 33. Bd3 g6 34. Nf4 Nxa4 35. Ra1 Nc5 36. Bc4+ Nce6 (36... Ke7 $1 $11) 37.
Rxa7 $2 (37. Bxe6+ $16 Nxe6 38. Nfxe6 Bxe6 39. Rxa7+ Kf6 40. Nxe6 Kxe6 41. Rb7)
37... Rxc4 {The position is equal.} 38. Ndxe6 Nxe6 39. Rxd7+ $16 {[%mdl 4096]
Endgame KRN-KRN} Ke8 40. Rd6 Nxf4 41. gxf4 $11 {KR-KR} Kf7 42. Rxb6 Rxf4 43.
Rc6 Rb4 44. b6 h5 45. Kf1 Rb2 46. h4 Rb4 47. Rc7+ Ke6 48. b7 Rb2 49. Ke1 Kd6
50. Rg7 Ke5 51. Kd1 Kf4 52. Kc1 Rb6 (52... Rb5 {is interesting.} 53. Kd2 Rb3
54. Ke2 Rb6 55. Kd3 Kf3) 53. Kc2 Kf3 54. Rd7 {aiming for Rd3+.} (54. Kc3 {
keeps more tension.} f4 55. Kc4 Kxf2 56. Kc5 Rb1 57. Kc6) 54... Kg4 55. Kc3 {
Black must now prevent Rd4+.} (55. Kd3 {with more complications.} Kf3 56. Kc4
Kxf2 57. Kc5 Rb1 58. Kc6) 55... f4 56. Rf7 g5 57. hxg5 Kxg5 58. f3 h4 59. Kc4
h3 60. Kc5 Rb1 61. Kc6 h2 62. Rh7 Rc1+ 63. Kd6 $1 Rb1 64. Kc6 Rc1+ 65. Kd6 Rb1
66. Kc6 {Weighted Error Value: White=0.09/Black=0.08} 1/2-1/2

[Event "23rd ETCC Open 2021"]
[Site "Catez"]
[Date "2021.11.16"]
[Round "5.43"]
[White "Sanal, Vahap"]
[Black "Bjerre, Jonas Buhl"]
[Result "1-0"]
[WhiteElo "2590"]
[BlackElo "2569"]
[Annotator "ChessBase"]
[PlyCount "83"]
[EventDate "2021.11.08"]
[EventType "team-tourn"]
[EventCountry "SLO"]
[SourceTitle "playchess.com"]
[Source "ChessBase"]
[SourceQuality "1"]
[WhiteTeam "Turkey"]
[BlackTeam "Denmark"]
[WhiteTeamCountry "TUR"]
[BlackTeamCountry "DEN"]
[TimeControl "40/5400+30:1800+30"]

1. e4 c5 2. Nf3 d6 3. Bb5+ Nd7 4. d4 cxd4 5. Nxd4 Ngf6 6. Bd3 Nc5 7. Nc3 e6 8.
O-O Be7 9. Re1 Nxd3 10. Qxd3 O-O 11. Bg5 h6 12. Bh4 Qb6 13. a4 Bd7 14. a5 Qa6
15. Ncb5 Rfc8 16. c4 b6 17. Bxf6 Bxf6 18. Nxd6 Rd8 19. N4b5 Bxb5 20. cxb5 Qc8
21. e5 Qd7 22. Rad1 Be7 23. a6 Bxd6 24. exd6 Rac8 25. b4 f6 26. h3 e5 27. f4
Qe6 28. fxe5 fxe5 29. Qd5 Qxd5 30. Rxd5 Rd7 31. Rexe5 Kf7 32. Rd3 Rcd8 33. Rf3+
Kg8 34. Re6 Kh7 35. Rd3 Kg8 36. Re7 Kh7 37. Kh2 h5 38. Rxd7 Rxd7 39. Kg3 Kg6
40. Kf4 Kf6 41. h4 g6 42. Rd2 1-0

[Event "23rd ETCC Open 2021"]
[Site "Catez"]
[Date "2021.11.16"]
[Round "5.44"]
[White "Rasmussen, Allan Stig"]
[Black "Gokerkan, Cem Kaan"]
[Result "1/2-1/2"]
[WhiteElo "2577"]
[BlackElo "2444"]
[Annotator "ChessBase"]
[PlyCount "243"]
[EventDate "2021.11.08"]
[EventType "team-tourn"]
[EventCountry "SLO"]
[SourceTitle "playchess.com"]
[Source "ChessBase"]
[SourceQuality "1"]
[WhiteTeam "Denmark"]
[BlackTeam "Turkey"]
[WhiteTeamCountry "DEN"]
[BlackTeamCountry "TUR"]
[TimeControl "40/5400+30:1800+30"]

1. d4 Nf6 2. c4 e6 3. g3 d5 4. Nf3 Be7 5. Bg2 O-O 6. Nc3 dxc4 7. Ne5 Qd6 8. O-O
Qa6 9. a4 Nc6 10. Nb5 Nxe5 11. dxe5 Rd8 12. Qc2 Nd5 13. Qxc4 Bd7 14. Bd2 Rac8
15. Rfd1 Be8 16. e3 c6 17. Na3 Qxc4 18. Nxc4 Nb6 19. Nxb6 axb6 20. Bc3 Rxd1+
21. Rxd1 c5 22. a5 bxa5 23. Bxb7 Rb8 24. Be4 a4 25. Ra1 c4 26. Bc2 Ra8 27. Kf1
Bc6 28. Ke2 Kf8 29. f4 g6 30. Bd4 Ke8 31. Bd1 Bb4 32. Bc2 Kd7 33. g4 Kc7 34. h4
Bb5 35. Kf3 Bc6+ 36. Ke2 Bb5 37. Kf3 Bc6+ 38. Kg3 Be7 39. h5 a3 40. bxa3 Rxa3
41. Rxa3 Bxa3 42. f5 exf5 43. gxf5 gxf5 44. Bxf5 h6 45. e6 Be8 46. exf7 Bxf7
47. Bg6 Bd6+ 48. Kf2 Be6 49. Bg7 Bg4 50. Bxh6 c3 51. Bg7 c2 52. Bb2 Bf8 53. Bc1
Bh6 54. Ke1 Kd6 55. Kd2 Bd1 56. Bb2 Kd5 57. Kd3 Bg5 58. Bf7+ Kd6 59. Ke4 Ke7
60. Bg6 Ke6 61. Kd3 Bh6 62. Kd2 Bg5 63. Kd3 Bh6 64. Bc1 Ke5 65. Kc3 Bg5 66. Kb2
Bh6 67. Bd2 Bg5 68. Kc1 Bh6 69. Bc3+ Kd5 70. Bd4 Bg5 71. Kb2 Bh6 72. Bf7+ Ke4
73. Bg6+ Kd5 74. Kc1 Bg5 75. Kd2 Bh6 76. Bb2 Bg5 77. Kd3 Bh6 78. Bf7+ Kd6 79.
Ke4 Ke7 80. Bg6 Ke6 81. Bc1 Bg5 82. Kd4 Bh6 83. Kc3 Ke5 84. Be8 Ke4 85. Bg6+
Ke5 86. Kd2 Bg5 87. Ba3 Bh6 88. Bc5 Bg5 89. Ba7 Ke6 90. Bb6 Bh6 91. Bd4 Bg5 92.
Bxc2 Bxh5 93. Kd3 Bxe3 94. Kxe3 Kd6 95. Be4 Bf7 96. Bg7 Bd5 97. Bd3 Ba2 98. Kd4
Ke6 99. Be5 Bb3 100. Bh7 Ke7 101. Bg3 Ba2 102. Ke5 Be6 103. Be4 Bh3 104. Bc6
Be6 105. Bb5 Bb3 106. Bh4+ Kf7 107. Be2 Kg6 108. Bd3+ Kf7 109. Bf6 Ba2 110. Kf5
Be6+ 111. Kg5 Bb3 112. Bf5 Ba2 113. Bg4 Bb3 114. Bd7 Be6 115. Bc6 Bb3 116. Kf5
Bc2+ 117. Ke5 Bb3 118. Bf3 Kg6 119. Be2 Ba2 120. Bd1 Bc4 121. Kd4 Kxf6 122.
Kxc4 1/2-1/2

[Event "23rd ETCC Open 2021"]
[Site "Catez"]
[Date "2021.11.16"]
[Round "5.45"]
[White "Lenic, Luka"]
[Black "Subelj, Jan"]
[Result "1-0"]
[WhiteElo "2633"]
[BlackElo "2458"]
[Annotator "TA"]
[PlyCount "51"]
[EventDate "2021.11.08"]
[EventType "team-tourn"]
[EventCountry "SLO"]
[SourceTitle "playchess.com"]
[Source "ChessBase"]
[SourceQuality "1"]
[WhiteTeam "Slovenia"]
[BlackTeam "Slovenia"]
[WhiteTeamCountry "SLO"]
[BlackTeamCountry "SLO"]

{[%evp 13,51,25,36,27,35,14,15,12,9,13,16,15,17,14,14,12,143,131,144,141,164,
158,181,195,182,194,203,171,160,181,168,164,338,312,373,366,343,244,440,437]} 
1. d4 Nf6 2. c4 e6 3. Nc3 Bb4 4. e3 b6 5. Nge2 Ba6 6. a3 Be7 7. Nf4 d5 8. cxd5
{[#] And now Bxa6 would win. E45: Nimzo-Indian: Rubinstein: 4...b6 5 Ne2 Ba6.}
Bxf1 9. dxe6 Ba6 $1 10. exf7+ {The position is equal.} Kxf7 11. e4 {
Threatening Qb3+.} Bc4 12. Be3 {[#] White wants to play e5.} Nbd7 $146 ({
Predecessor:} 12... Nc6 13. b3 Ba6 14. b4 Bc4 15. Rc1 Qd7 16. e5 Nxe5 17. dxe5
Qf5 18. exf6 Bxf6 {1-0 (27) Gorodetzky,D (2483)-Soffer,R (2490) Jerusalem 2019}
) 13. b3 Ba6 14. e5 Nxe5 15. dxe5 $16 Qxd1+ 16. Rxd1 Ng4 17. e6+ Kf8 18. Rd7
Nf6 19. Rxc7 Ne8 20. Ncd5 Nxc7 21. Nxc7 Bb7 22. Nxa8 {[#] aiming for Nc7.} Bxa8
(22... g5) 23. O-O $18 {Threatens to win with Rc1.} Bd6 24. Nh5 Ke7 25. Re1 {
Strongly threatening Bg5+.} Kxe6 $2 (25... Be5 26. Bg5+ {[%mdl 64] Discovered
Attack} Kd6) 26. Bf4+ {Weighted Error Value: White=0.09/Black=0.39} 1-0

[Event "23rd ETCC Open 2021"]
[Site "Catez"]
[Date "2021.11.16"]
[Round "5.46"]
[White "Dobrovoljc, Vid"]
[Black "Skoberne, Jure"]
[Result "1-0"]
[WhiteElo "2414"]
[BlackElo "2562"]
[Annotator "ChessBase"]
[PlyCount "57"]
[EventDate "2021.11.08"]
[EventType "team-tourn"]
[EventCountry "SLO"]
[SourceTitle "playchess.com"]
[Source "ChessBase"]
[SourceQuality "1"]
[WhiteTeam "Slovenia"]
[BlackTeam "Slovenia"]
[WhiteTeamCountry "SLO"]
[BlackTeamCountry "SLO"]
[TimeControl "40/5400+30:1800+30"]

1. e4 g6 2. d4 Bg7 3. Nc3 d6 4. Bf4 Nc6 5. Bb5 a6 6. Bxc6+ bxc6 7. Qd2 Be6 8.
Nge2 Rb8 9. b3 Nf6 10. Bh6 O-O 11. h4 Bxh6 12. Qxh6 Ng4 13. Qf4 Bd7 14. Qg3 e5
15. dxe5 Nxe5 16. h5 Kh8 17. f4 Ng4 18. hxg6 fxg6 19. O-O-O Qe7 20. Rh4 Nf6 21.
Rdh1 Rf7 22. e5 dxe5 23. fxe5 Nh5 24. Qe3 Re8 25. g4 Nf6 26. Nf4 Rg7 27. Qd3
Nh5 28. gxh5 Bf5 29. Nxg6+ 1-0

[Event "23rd ETCC Open 2021"]
[Site "Catez"]
[Date "2021.11.16"]
[Round "5.47"]
[White "Sebenik, Matej"]
[Black "Tisaj, Domen"]
[Result "1/2-1/2"]
[WhiteElo "2509"]
[BlackElo "2369"]
[Annotator "ChessBase"]
[PlyCount "85"]
[EventDate "2021.11.08"]
[EventType "team-tourn"]
[EventCountry "SLO"]
[SourceTitle "playchess.com"]
[Source "ChessBase"]
[SourceQuality "1"]
[WhiteTeam "Slovenia"]
[BlackTeam "Slovenia"]
[WhiteTeamCountry "SLO"]
[BlackTeamCountry "SLO"]
[TimeControl "40/5400+30:1800+30"]

1. d4 Nf6 2. c4 e6 3. Nf3 d5 4. Nc3 Nbd7 5. Bf4 dxc4 6. e3 Nd5 7. Bxc4 Nxf4 8.
exf4 Nb6 9. Bb3 g6 10. h4 Bg7 11. h5 Bd7 12. Ne5 Qe7 13. a4 a5 14. Kf1 O-O-O
15. Ne2 Bxe5 16. fxe5 Qg5 17. Qc1 Qxc1+ 18. Nxc1 Bc6 19. Ne2 Rhg8 20. f3 Bd5
21. Bxd5 Rxd5 22. Kf2 Rgd8 23. b3 R5d7 24. Rac1 Nd5 25. Rc4 b6 26. h6 Ne7 27.
g4 Kb7 28. Rhc1 Ng8 29. Rh1 Ne7 30. Kg3 Nd5 31. Kh4 Rf8 32. Kg3 f5 33. exf6
Rxf6 34. Rcc1 Rdf7 35. Ng1 Rf4 36. Rd1 Kc8 37. Rh2 R4f6 38. Re1 Nf4 39. Re5 Kd7
40. Rc2 Kd6 41. Rd2 Rf8 42. Rc2 R8f7 43. Rd2 1/2-1/2

[Event "23rd ETCC Open 2021"]
[Site "Catez"]
[Date "2021.11.16"]
[Round "5.48"]
[White "Brilej, Jaka"]
[Black "Janzelj, Tim"]
[Result "1-0"]
[WhiteElo "2341"]
[BlackElo "2474"]
[Annotator "TA"]
[PlyCount "115"]
[EventDate "2021.11.08"]
[EventType "team-tourn"]
[EventCountry "SLO"]
[SourceTitle "playchess.com"]
[Source "ChessBase"]
[SourceQuality "1"]
[WhiteTeam "Slovenia"]
[BlackTeam "Slovenia"]
[WhiteTeamCountry "SLO"]
[BlackTeamCountry "SLO"]

{[%evp 13,115,0,16,24,21,28,30,6,24,-20,-5,-10,39,34,31,13,62,60,55,-84,170,
114,192,130,241,226,219,200,195,208,236,156,247,241,262,241,272,266,265,243,
243,236,248,250,253,244,363,363,363,358,356,361,362,354,535,535,627,460,547,
408,383,345,443,366,660,652,689,512,612,655,792,390,510,418,431,411,368,352,
411,405,389,390,470,438,447,457,428,368,337,301,458,420,543,535,487,444,586,
567,620,598,733,720,671,626]} 1. e4 d6 2. d4 Nf6 3. Nc3 e5 4. Nge2 c6 5. f3 Be7
6. Be3 O-O 7. Qd2 Nbd7 8. Ng3 {B07: Pirc Defence: Miscellaneous Systems.} b5 9.
Nf5 b4 10. Na4 {White has an edge.} exd4 11. Qxd4 c5 12. Qd2 Ne5 {[#]} (12...
Nb6 $5 {[%cal Rb6a4]} 13. Nxe7+ Qxe7 $11) 13. Nxe7+ $146 ({Predecessor:} 13. a3
Bxf5 14. exf5 a5 15. Be2 Qc7 16. axb4 axb4 17. b3 d5 18. O-O Bd6 19. Kh1 {
0-1 (36) Wernert,W (2300)-Orsag,M (2405) Germany 1998}) 13... Qxe7 14. a3 $36 {
[%mdl 2048] White is more active.} Rb8 (14... b3 $5) 15. axb4 Rxb4 16. b3 {[#]}
(16. Be2 $14 {keeps the upper hand.}) 16... Ned7 $2 {[%mdl 8192] [#]} (16...
Rxe4 $1 $17 {and life is bright.} 17. O-O-O (17. fxe4 Nxe4 18. Qd1 Nf2 $17 {
[%mdl 64] Decoy}) 17... Nxf3 $1 {[%mdl 512]} 18. Qxd6 Qxd6 19. Rxd6 Rxe3 20.
gxf3 Re1+ 21. Rd1 Rxd1+ 22. Kxd1 Bb7) 17. Bc4 {White leaves nothing to chance
now.} (17. Nc3 $1 $18) 17... Rb8 (17... Ne5 $16 {was called for.}) 18. O-O (18.
O-O-O $18) 18... Rd8 {[#]} (18... Ne5 $16 19. Rfd1 Nxc4 20. bxc4 Ne8) 19. Rfd1
$1 $18 Nb6 {[#]} 20. Bxc5 $1 {[%mdl 512]} Nxc4 21. bxc4 {[%cal Rc5d6]} Ne8 22.
Nc3 {And now Nd5 would win.} a6 {[#]} (22... Be6 $16 {is a better defense.})
23. Nd5 $1 Qe6 (23... Qb7 24. Bb6) 24. Bd4 Rd7 25. Qc3 f6 26. c5 dxc5 27. Qxc5
Bb7 {[%cal Rb7d5]} 28. c4 Nd6 29. Nb6 Rf7 (29... Rdd8 {might work better.} 30.
Be3 Nf7) 30. Bf2 Nxe4 31. fxe4 Qxe4 {[%csl Gb7][%cal Re4g2]} 32. Nd5 Rc8 {[#]}
33. Re1 $1 Qg4 {[#]} (33... Qxe1+ {was worth a try.} 34. Rxe1 Rxc5) 34. h3 $1
Qg6 (34... Qg5 35. Qd6) 35. Qe3 h6 36. Rac1 Kh7 37. Qg3 Qh5 38. Nf4 Qa5 (38...
Qg5 39. Qd3+ f5) 39. c5 Qa4 40. Ne6 Kg8 41. Nd4 f5 42. Qb3 (42. c6 $142 Ba8 43.
Qg6) 42... Qd7 43. Qe6 Be4 44. Qxd7 Rxd7 45. Ne2 Rf7 46. Nc3 Bc6 47. Rcd1 f4
48. Nd5 Kf8 49. Nb6 Re8 50. Rxe8+ Kxe8 51. Rd6 Rc7 (51... Rf6 {was necessary.}
52. Rxf6 gxf6) 52. Bd4 Bb7 53. Nc4 {White is clearly winning.} Ke7 54. Na5 Bc8
55. Kf2 h5 56. Kf3 g5 57. Rg6 {aiming for Rg7+.} g4+ 58. hxg4 {Weighted Error
Value: White=0.37/Black=0.61} 1-0

[Event "23rd ETCC Open 2021"]
[Site "Catez"]
[Date "2021.11.16"]
[Round "5.49"]
[White "Moroni, Luca Jr"]
[Black "Agopov, Mikael"]
[Result "1-0"]
[WhiteElo "2580"]
[BlackElo "2430"]
[Annotator "ChessBase"]
[PlyCount "103"]
[EventDate "2021.11.08"]
[EventType "team-tourn"]
[EventCountry "SLO"]
[SourceTitle "playchess.com"]
[Source "ChessBase"]
[SourceQuality "1"]
[WhiteTeam "Italy"]
[BlackTeam "Finland"]
[WhiteTeamCountry "ITA"]
[BlackTeamCountry "FIN"]
[TimeControl "40/5400+30:1800+30"]

1. c4 c5 2. Nf3 Nc6 3. d4 cxd4 4. Nxd4 Nf6 5. Nc3 e6 6. e4 Bb4 7. Nxc6 bxc6 8.
Bd3 e5 9. O-O O-O 10. h3 Re8 11. Qc2 Bc5 12. Re1 d6 13. Be3 Bd4 14. Bxd4 exd4
15. Ne2 c5 16. Ng3 Bb7 17. f4 Qc7 18. Qf2 Re6 19. Re2 Rae8 20. Rae1 Bc6 21. b4
cxb4 22. Qxd4 Nd7 23. Nf5 f6 24. c5 dxc5 25. Qf2 Kf8 26. e5 Bd5 27. Qh4 fxe5
28. Nxg7 c4 29. Nxe6+ Rxe6 30. Bf5 e4 31. Bxe6 Qb6+ 32. Kh2 Qxe6 33. Qxh7 Nc5
34. Qc7 Nd3 35. Qb8+ Ke7 36. Qxa7+ Kd6 37. Rb1 Bc6 38. Qb8+ Kc5 39. Reb2 Nxb2
40. Rxb2 b3 41. axb3 c3 42. Qa7+ Kb5 43. Ra2 Qxb3 44. Ra5+ Kc4 45. Qc5+ Kd3 46.
Qxc6 e3 47. Rd5+ Ke2 48. Rb5 Qa4 49. Qf3+ Kd3 50. Rd5+ Kc4 51. Qe4+ Kb3 52.
Qxe3 1-0

[Event "23rd ETCC Open 2021"]
[Site "Catez"]
[Date "2021.11.16"]
[Round "5.50"]
[White "Koykka, Pekka"]
[Black "Valsecchi, Alessio"]
[Result "1-0"]
[WhiteElo "2353"]
[BlackElo "2527"]
[Annotator "ChessBase"]
[PlyCount "81"]
[EventDate "2021.11.08"]
[EventType "team-tourn"]
[EventCountry "SLO"]
[SourceTitle "playchess.com"]
[Source "ChessBase"]
[SourceQuality "1"]
[WhiteTeam "Finland"]
[BlackTeam "Italy"]
[WhiteTeamCountry "FIN"]
[BlackTeamCountry "ITA"]
[TimeControl "40/5400+30:1800+30"]

1. e4 c5 2. Nf3 e6 3. d4 cxd4 4. Nxd4 Nc6 5. Nc3 Qc7 6. Qd3 a6 7. Nxc6 Qxc6 8.
Qg3 b5 9. a3 Ne7 10. Bd3 Ng6 11. f4 b4 12. axb4 Bxb4 13. Bd2 O-O 14. O-O f6 15.
Kh1 Bb7 16. Qf2 a5 17. Qe2 Kh8 18. Rf3 f5 19. Rh3 Rf6 20. Bb5 Qb6 21. e5 Bxc3
22. bxc3 Nxe5 23. fxe5 Rg6 24. Rg3 Rxg3 25. hxg3 Qc7 26. Ra4 Be4 27. Rxe4 fxe4
28. Qxe4 Rf8 29. Bd3 g6 30. Bh6 Kg8 31. Bxf8 Kxf8 32. Qf4+ Kg8 33. Qd4 Qb7 34.
Kh2 Kf7 35. Qf4+ Kg8 36. Qc4 Qb8 37. Qb5 Qc7 38. c4 Qd8 39. c5 Qc7 40. Qb6 Qxe5
41. Qd8+ 1-0